000 00687cam a22002417a 4500
003 CHAP
005 20220329140441.0
008 971013s r 00010 d
010 _a52170
011 _a53142
035 _a57292
040 _cCHAP
090 _aR-675
100 0 0 _aWolcott, George N.
_9122414
245 0 _aCómo combatir las plagas de insectos
500 _aSobretiro de: Boletín de la Unión Panamericana 62: 259-2822. 1928
590 _aBATCH-UPD
_b10
_c20130110
_lUCH01
_h1843
590 _aCONVERSION
_b10
_c20130109
_lUCH01
_h1328
650 1 4 _aControl de plagas.
_927595
901 _aBK
942 _cREIMP
949 _aR-675
_bBC
_cR
_d-124721
_eTS1
_i57292
_si
999 _c52170
_d52170